Historia Rosjii - Państwa - Statystyki

Ogólne statystyki
  • Ten quiz został rozwiązany 140 razy
    79 od ostatniego zresetowania
  • Średni wynik to 5 z 7
Statystyki odpowiedzi
Lata Państwo % Poprawnych
1922-1991 ZSRR
94%
1991-Dziś Rosja
92%
1721-1917 Imperium Rosyjskie
86%
ok. 880-1240 Ruś Kijowska
83%

Wskazówka:

Wpisz "Wiele Państw"
Wiele Państw
57%
1547-1721 Carstwo Rosyjskie
54%
1263-1547 Wielkie Księstwo Moskiewskie
54%
Nie znaleziono quizów pasujących do podanych kryteriów
Rozkład punktacji
Procent ludzi z każdym wynikiem
Percentyl według liczby udzielonych odpowiedzi
Twoja historia wyników
Nie rozwiązałeś tego quizu od ostatniego zresetowania